Microsoft internet explorer 5.0 : manuals d'ofimàtica manuals d'ofimàtica
Descripción Física:
58 p. : il. ; 29,5 cm
Materias:
Ofimàtica
MARC
| LEADER | 00000nam a2200000Ia 4500 | ||
|---|---|---|---|
| 001 | 17202 | ||
| 008 | 160829s2003 xx 000 0 cat d | ||
| 080 | |a C-2-408 | ||
| 245 | |a Microsoft internet explorer 5.0 : |b manuals d'ofimàtica | ||
| 260 | |a Barcelona : |b Diputació de Barcelona, |c 2003 | ||
| 300 | |a 58 p. : |b il. ; |c 29,5 cm | ||
| 650 | |a Ofimàtica |9 36596 | ||
| 710 | |a Barcelona (Catalunya : Província). |b Servei de Formació Local |9 53659 | ||
| 901 | |a Arxiu | ||
| 942 | |n 1 | ||
| 952 | |0 0 |1 0 |4 0 |6 C2408 |7 1 |9 41952 |a Arxiu |b Arxiu |d 2016-12-01 |l 0 |o C-2-408 |p 17202 |r 2016-12-01 00:00:00 |w 2016-12-01 |y ARXIU | ||
| 999 | |c 44399 |d 44399 | ||